Statistics for Geography by Letter - H

Click here to take the quiz!

General Stats

  • This quiz has been taken 66,115 times
  • The average score is 15 of 22

Answer Stats

Hint Answer % Correct
Capital of FinlandHelsinki
95%
World's tallest mountain rangeHimalayas
94%
Japanese city struck by an atomic bombHiroshima
92%
Capital of CubaHavana
91%
London's main airportHeathrow
90%
India's top languageHindi
88%
Location of NASA mission controlHouston
83%
Boston-area university founded in 1636Harvard
80%
Country on the DanubeHungary
79%
Best-selling brand of Dutch beerHeineken
76%
City with the most skyscrapersHong Kong
76%
Scottish dish encased in a sheep stomachHaggis
72%
One of America's Great LakesHuron
65%
Roman wall near the
Scotland/England border
Hadrian's Wall
64%
Islamic equivalent of KosherHalal
60%
Islamic pilgrimage to MeccaHajj
57%
Island of Haiti and the D.R.Hispaniola
56%
The main Japanese islandHonshu
54%
Rwanda's largest ethnic groupHutu
51%
Famous former cathedral in IstanbulHagia Sophia
42%
Term for a large estate in
colonial Latin America
Hacienda
41%
China's largest islandHainan
22%

Score Distribution

Percentile by Number Answered

Percent of People with Each Score

Your Score History

You have not taken this quiz